[Event "Sjakk1.no Bergen Sommer NGP 2018"]
[Site "Kulturhuset Danckert Krohn, B"]
[Date "2018.07.29"]
[Round "4"]
[White "Frisvold, Ole Emil"]
[Black "Dyrhovden, Sigve"]
[Result "1-0"]
[WhiteElo "2147"]
[BlackElo "1819"]
[PlyCount "95"]
[EventDate "2018.??.??"]

1. Nf3 Nf6 2. d4 d5 3. c4 c6 4. e3 Bf5 5. Nc3 e6 6. Nh4 Bg6 7. Qb3 Qb6 8. Nxg6
hxg6 9. Bd3 Nbd7 10. Bd2 Be7 11. f3 O-O-O 12. c5 Qxb3 13. axb3 a6 14. O-O Nb8
15. Na4 Kd7 16. Ba5 Rdg8 17. Nb6+ Ke8 18. Nc8 Kd7 19. Nb6+ Ke8 20. e4 Bd8 21.
Nc8 Be7 22. e5 Nfd7 23. Bc7 Rh4 24. Bd6 Bg5 25. Bxb8 Nxb8 26. Nd6+ Ke7 27. f4
Rxf4 28. g3 Rxf1+ 29. Kxf1 Be3 30. Ra4 Rd8 31. Nxb7 Rd7 32. Nd6 Rc7 33. Ke2 Bc1
34. Rb4 Nd7 35. Bxa6 f6 36. exf6+ gxf6 37. Nc8+ Kd8 38. Nb6 Ke7 39. Bd3 g5 40.
Ra4 e5 41. Bf5 Nf8 42. Ra8 Bxb2 43. Nc8+ Kf7 44. Nd6+ Kg8 45. Be6+ Kh7 46. Rxf8
Bxd4 47. Ne8 Re7 48. Bf5+ 1-0

[Event "Sjakk1.no Bergen Sommer NGP 2018"]
[Site "Kulturhuset Danckert Krohn, B"]
[Date "2018.07.28"]
[Round "4"]
[White "Johannessen, Heine N"]
[Black "Fossan, Andreas"]
[Result "0-1"]
[WhiteElo "1565"]
[BlackElo "2024"]
[PlyCount "48"]
[EventDate "2018.??.??"]

1. e4 c6 2. Nf3 d5 3. exd5 cxd5 4. Ne5 Nf6 5. d4 g6 6. Nd2 Bg7 7. Bd3 O-O 8.
O-O Nc6 9. Nxc6 bxc6 10. Nf3 Nd7 11. Re1 Re8 12. Ne5 Qb6 13. Nxd7 Bxd7 14. c3
e5 15. dxe5 Bxe5 16. Rf1 Rab8 17. Qc2 c5 18. Be3 Qc7 19. Be2 Bxh2+ 20. Kh1 Be5
21. Qd2 d4 22. cxd4 cxd4 23. Rac1 Qb6 24. Bf3 Bb5 0-1

[Event "Sjakk1.no Bergen Sommer NGP 2018"]
[Site "Kulturhuset Danckert Krohn, B"]
[Date "2018.07.29"]
[Round "4"]
[White "Drønen, Ole Reza"]
[Black "Murugesh, Niran-Jan"]
[Result "0-1"]
[WhiteElo "1743"]
[BlackElo "1568"]
[PlyCount "112"]
[EventDate "2018.??.??"]

1. f4 Nh6 2. Nf3 d5 3. e3 c5 4. b3 Nc6 5. Bb5 Bd7 6. Bb2 f6 7. O-O a6 8. Be2
Qc7 9. c4 d4 10. exd4 cxd4 11. Nxd4 Qb6 12. c5 Qxc5 13. Qc2 Qb6 14. Qe4 Nf5 15.
Bg4 Ncxd4 16. Kh1 Bc6 17. Bxd4 Nxd4 18. Qe3 Qa7 19. Na3 f5 20. Bh5+ g6 21. Qe5
Rg8 22. Bf3 Nxf3 23. gxf3 Rg7 24. Rac1 Qb8 25. Qe6 Qd6 26. Qxd6 exd6 27. Nc4
Kf7 28. Kg2 Kg8 29. Nb6 Re8 30. Kf2 Rge7 31. d4 Re2+ 32. Kg3 d5 33. Rf2 Bd6 34.
Rcf1 g5 35. h4 Bxf4+ 36. Kh3 h6 37. hxg5 hxg5 38. a4 Kf7 39. Kg2 Rh8 40. Rxe2
Rh2+ 41. Kg1 Rxe2 42. Rd1 a5 43. Rd3 Re3 44. Rd1 Rc3 45. Kf2 Rc2+ 46. Kf1 Rc1
47. Rxc1 Bxc1 48. Ke2 Ke6 49. Kd3 Ba3 50. Na8 Bd6 51. Nb6 g4 52. Ke2 g3 53. Kf1
f4 54. Nc8 Be8 55. Nxd6 Kxd6 56. Kg2 Bg6 0-1

[Event "Sjakk1.no Bergen Sommer NGP 2018"]
[Site "Kulturhuset Danckert Krohn, B"]
[Date "2018.07.29"]
[Round "4"]
[White "Sivertsen, Jarle"]
[Black "Lura, Njål"]
[Result "1/2-1/2"]
[WhiteElo "1596"]
[BlackElo "1542"]
[PlyCount "53"]
[EventDate "2018.??.??"]

1. c4 c6 2. d4 d5 3. Bg5 h6 4. Bh4 Bf5 5. cxd5 cxd5 6. Nc3 Qa5 7. Qa4+ Qxa4 8.
Nxa4 Nc6 9. Nf3 e6 10. a3 Be7 11. e3 Bxh4 12. Nxh4 Be4 13. Nc5 b6 14. Nxe4 dxe4
15. g4 Nge7 16. Bc4 Kd7 17. O-O g5 18. Ng2 h5 19. h3 hxg4 20. hxg4 Rh6 21. Be2
Rah8 22. f3 Rh1+ 23. Kf2 Rxf1+ 24. Rxf1 Na5 25. Rc1 Rc8 26. Rxc8 Kxc8 27. Ne1
1/2-1/2

[Event "Sjakk1.no Bergen Sommer NGP 2018"]
[Site "Kulturhuset Danckert Krohn, B"]
[Date "2018.07.29"]
[Round "4"]
[White "Rynning, Rune Kleiven"]
[Black "Hestholm, Gustav"]
[Result "0-1"]
[WhiteElo "1550"]
[BlackElo "1589"]
[PlyCount "84"]
[EventDate "2018.??.??"]

1. e4 c5 2. Nf3 g6 3. d4 cxd4 4. Nxd4 Nc6 5. Nc3 Bg7 6. Be3 Nf6 7. Be2 d5 8.
exd5 Nxd5 9. Nxc6 bxc6 10. Nxd5 Qxd5 11. Qxd5 cxd5 12. Bb5+ Bd7 13. Bxd7+ Kxd7
14. O-O-O e6 15. b4 Rhb8 16. Bd4 Bxd4 17. Rxd4 a5 18. Kb2 Rxb4+ 19. Rxb4 axb4
20. Kb3 Ra3+ 21. Kxb4 Rxa2 22. Kb3 Ra7 23. Rd1 Rc7 24. f4 Ke8 25. Rd4 Kf8 26.
g4 Kg7 27. f5 gxf5 28. gxf5 Kf6 29. fxe6 Kxe6 30. h4 f5 31. h5 Ke5 32. Rd2 f4
33. Re2+ Kd4 34. Rd2+ Ke4 35. c3 f3 36. Kc2 Ke3 37. Rd3+ Ke2 38. Rxd5 f2 39.
Re5+ Kf1 40. h6 Rc6 41. Rh5 Rg6 42. Rh2 Kg1 0-1

[Event "Sjakk1.no Bergen Sommer NGP 2018"]
[Site "Kulturhuset Danckert Krohn, B"]
[Date "2018.07.29"]
[Round "5"]
[White "Riisem, Øyvind"]
[Black "Martinsen, Stig K"]
[Result "1-0"]
[WhiteElo "2231"]
[BlackElo "2189"]
[PlyCount "95"]
[EventDate "2018.??.??"]

1. d4 Nf6 2. c4 e6 3. Nc3 Bb4 4. e3 b6 5. Nge2 c5 6. a3 Ba5 7. Bd2 O-O 8. d5
exd5 9. cxd5 Bb7 10. Qb3 Qe7 11. f3 a6 12. e4 b5 13. Ng3 g6 14. Be2 d6 15. Bg5
Nbd7 16. O-O c4 17. Qc2 Qd8 18. Kh1 Qc8 19. Qd2 Bd8 20. Bh6 Re8 21. Nf5 Qc7 22.
Rac1 Ne5 23. Nd4 Be7 24. f4 Ned7 25. b3 Nc5 26. Bf3 Nd3 27. Rb1 Qc5 28. Nc2
Rab8 29. bxc4 bxc4 30. Nb4 Rec8 31. Bg5 Bd8 32. h3 a5 33. Na4 Qb5 34. Nc6 Bxc6
35. Rxb5 Bxb5 36. Nc3 Ba6 37. e5 dxe5 38. fxe5 Nxe5 39. Qf4 Nd3 40. Qd4 Ne8 41.
Bxd8 Rxd8 42. Ne4 Rbc8 43. d6 Rb8 44. d7 Ng7 45. Nf6+ Kh8 46. Ne8 Rxe8 47.
dxe8=Q+ Rxe8 48. Bd5 1-0

[Event "Sjakk1.no Bergen Sommer NGP 2018"]
[Site "Kulturhuset Danckert Krohn, B"]
[Date "2018.07.29"]
[Round "5"]
[White "Bjugn, Gisle"]
[Black "Frisvold, Ole Emil"]
[Result "1/2-1/2"]
[WhiteElo "1860"]
[BlackElo "2147"]
[PlyCount "98"]
[EventDate "2018.??.??"]

1. d4 Nf6 2. Bf4 d5 3. e3 e6 4. Nf3 Bd6 5. Bxd6 Qxd6 6. c3 O-O 7. Nbd2 b6 8.
Ne5 Nfd7 9. Ndf3 f6 10. Nxd7 Nxd7 11. a4 c5 12. Bb5 e5 13. dxe5 fxe5 14. a5 e4
15. Nd2 Qf6 16. O-O Ne5 17. f3 Qh6 18. Nxe4 Be6 19. Nf2 Qxe3 20. Qe2 Qxe2 21.
Bxe2 Nc6 22. axb6 axb6 23. Bb5 Na7 24. Ba6 Bc8 25. Bxc8 Rfxc8 26. Rfd1 Nc6 27.
Rxa8 Rxa8 28. Rxd5 Ra1+ 29. Rd1 Ra2 30. Rb1 Ne5 31. b3 c4 32. bxc4 Rc2 33. Ne4
Nxc4 34. Re1 h6 35. Kf1 Nd2+ 36. Nxd2 Rxd2 37. Rb1 Rc2 38. Rxb6 Rxc3 39. Kf2
Kh7 40. Kg3 h5 41. h4 g6 42. Rb7+ Kh6 43. Rf7 Rc4 44. Kh3 Rb4 45. Ra7 Rc4 46.
Kg3 Rb4 47. Kh3 Rc4 48. Kg3 Rb4 49. Kh3 Rc4 1/2-1/2

[Event "Sjakk1.no Bergen Sommer NGP 2018"]
[Site "Kulturhuset Danckert Krohn, B"]
[Date "2018.07.29"]
[Round "5"]
[White "Hestholm, Gustav"]
[Black "Larsen, Stig Børje"]
[Result "0-1"]
[WhiteElo "1589"]
[BlackElo "1836"]
[PlyCount "108"]
[EventDate "2018.??.??"]

1. e4 g6 2. d4 Bg7 3. Nf3 d6 4. Bd3 Bg4 5. c3 Nd7 6. O-O e5 7. Be3 Ngf6 8. Nbd2
O-O 9. h3 Bxf3 10. Nxf3 Re8 11. dxe5 Nxe5 12. Nxe5 dxe5 13. Qc2 Qe7 14. Rad1
Red8 15. Rd2 b6 16. Rfd1 Rd6 17. Be2 Rad8 18. Rxd6 Rxd6 19. Rxd6 Qxd6 20. c4
Bf8 21. a3 a5 22. f3 Nh5 23. Kf2 Nf4 24. Bxf4 exf4 25. Qd3 Qf6 26. Qc2 Bc5+ 27.
Ke1 Qd4 28. Bf1 Qe3+ 29. Qe2 Qc1+ 30. Qd1 Qxb2 31. Qd8+ Kg7 32. Bd3 Be3 33. Be2
Qa1+ 34. Bd1 Qxa3 35. e5 Qc3+ 36. Ke2 Qxe5 37. Qd3 Bc5+ 38. Kf1 Bb4 39. Kg1
Qe1+ 40. Kh2 Qd2 41. Qxd2 Bxd2 42. Ba4 Kf6 43. h4 h6 44. Kh3 Bb4 45. Kg4 Bd6
46. Bc6 Ke5 47. Bb5 f5+ 48. Kh3 Kd4 49. Be8 g5 50. Bg6 a4 51. Bxf5 a3 52. Bb1
Kc3 53. hxg5 hxg5 54. Kg4 Kb2 0-1

[Event "Sjakk1.no Bergen Sommer NGP 2018"]
[Site "Kulturhuset Danckert Krohn, B"]
[Date "2018.07.29"]
[Round "5"]
[White "Dyrhovden, Sigve"]
[Black "Johannessen, Heine N"]
[Result "1/2-1/2"]
[WhiteElo "1819"]
[BlackElo "1565"]
[PlyCount "84"]
[EventDate "2018.??.??"]

1. d4 Nf6 2. c4 g6 3. Nf3 Bg7 4. g3 O-O 5. Bg2 d5 6. O-O c5 7. dxc5 dxc4 8. Qa4
Na6 9. Qxc4 Qc7 10. Bf4 Qxc5 11. Qxc5 Nxc5 12. Nc3 Bf5 13. Nd4 Be4 14. Nxe4
Nfxe4 15. Be3 e5 16. Nc2 f5 17. Bxc5 Nxc5 18. b4 Ne4 19. Bxe4 fxe4 20. Ne3 Rfd8
21. Rad1 Rd4 22. Nd5 Rd8 23. Nc3 b6 24. e3 Rd3 25. Rxd3 exd3 26. Ne4 Bf8 27. a3
a5 28. bxa5 bxa5 29. Nd2 Kf7 30. Nc4 Ke6 31. Nxa5 Bxa3 32. Nc4 Bb4 33. Rd1 d2
34. Kf1 Kf5 35. Ke2 Rc8 36. Nxd2 Bxd2 37. Rxd2 Kg4 38. f4 e4 39. Kf2 Rc3 40. h4
h5 41. Ra2 Rb3 42. Rd2 Rc3 1/2-1/2

[Event "Sjakk1.no Bergen Sommer NGP 2018"]
[Site "Kulturhuset Danckert Krohn, B"]
[Date "2018.07.29"]
[Round "5"]
[White "Murugesh, Niran-Jan"]
[Black "Rynning, Rune Kleiven"]
[Result "0-1"]
[WhiteElo "1568"]
[BlackElo "1550"]
[PlyCount "146"]
[EventDate "2018.??.??"]

1. e4 c5 2. Nf3 d6 3. d3 Nf6 4. Nbd2 e6 5. g3 Be7 6. Bg2 O-O 7. O-O Nc6 8. Re1
Qc7 9. Nf1 d5 10. e5 Nd7 11. Bf4 d4 12. h4 Nb6 13. N1h2 Nd5 14. Qd2 Nxf4 15.
Qxf4 f6 16. Qe4 f5 17. Qf4 Nb4 18. Re2 Nd5 19. Qd2 f4 20. g4 Qd8 21. g5 h6 22.
gxh6 gxh6 23. Kh1 Bxh4 24. Rg1 Kh8 25. Nxh4 Qxh4 26. Bxd5 exd5 27. e6 Qf6 28.
Qe1 Re8 29. e7 f3 30. Re5 Bh3 31. Rg3 Bg2+ 32. Kg1 Kh7 33. Re6 Qf5 34. Qe5 Qxe5
35. Rxe5 Rac8 36. Nxf3 Bxf3 37. Rxf3 Rc7 38. Rff5 Rexe7 39. Rxe7+ Rxe7 40. Rxd5
b6 41. Kf1 Rg7 42. Rf5 Kg6 43. Rf3 h5 44. Rg3+ Kh6 45. Rh3 Kg6 46. f3 Rh7 47.
Kf2 Kg5 48. Rg3+ Kf4 49. Rg8 h4 50. Rg4+ Kf5 51. Rg8 h3 52. Rf8+ Ke6 53. Kg1
Rg7+ 54. Kh2 Rg2+ 55. Kxh3 Rxc2 56. Re8+ Kd6 57. f4 Rxb2 58. f5 Rf2 59. Kg4 b5
60. Re6+ Kd5 61. Ra6 c4 62. dxc4+ bxc4 63. Rxa7 d3 64. Ra5+ Kd4 65. Ra8 c3 66.
Rd8+ Ke3 67. a4 c2 68. Re8+ Kd2 69. Rc8 Kd1 70. a5 c1=Q 71. Rxc1+ Kxc1 72. a6
d2 73. Kg3 Rxf5 0-1

[Event "Sjakk1.no Bergen Sommer NGP 2018"]
[Site "Kulturhuset Danckert Krohn, B"]
[Date "2018.07.29"]
[Round "5"]
[White "Lura, Njål"]
[Black "Drønen, Ole Reza"]
[Result "0-1"]
[WhiteElo "1542"]
[BlackElo "1743"]
[PlyCount "68"]
[EventDate "2018.??.??"]

1. c4 f5 2. g3 Nf6 3. Bg2 e5 4. d4 Bb4+ 5. Bd2 Bxd2+ 6. Qxd2 e4 7. Nc3 Nc6 8.
d5 Ne5 9. b3 O-O 10. d6 c6 11. Qf4 Nfg4 12. h3 Qa5 13. Qd2 Nf6 14. Nxe4 Qa3 15.
Nxf6+ Rxf6 16. Rd1 Nf7 17. Qe3 Nxd6 18. Nf3 Re6 19. Qd2 Ne4 20. Qc2 Qa5+ 21.
Nd2 Nc3 22. Ra1 Rxe2+ 23. Kf1 Qc5 24. Ne4 fxe4 25. Qxe2 Nxe2 26. Kxe2 d5 27.
cxd5 Qc2+ 28. Ke3 Qd3+ 29. Kf4 cxd5 30. Rhd1 Qe2 31. Bf1 Qxf2+ 32. Ke5 b6 33.
Kxd5 Bb7+ 34. Kc4 Qc5# 0-1